| 000 | 00865nam a2200241 a 4500 | ||
|---|---|---|---|
| 001 | 000005231 | ||
| 003 | OSt | ||
| 005 | 20200929151621.0 | ||
| 008 | 090818s1987 sp 001 0 spa d | ||
| 020 | _a8400066359 | ||
| 040 |
_aDO-SdBNP _bspa _cBNPHU |
||
| 082 |
_axxxx _bM542n |
||
| 100 | 1 |
_aMenéndez Onrubia, Carmen _914925 |
|
| 245 | 1 | 3 |
_aEl neoromanticismo español y su época : _bepistolario de José Echegaray a María Guerrero / _cCarmen Menéndez Onrubia. |
| 260 |
_aMadrid, España : _bCSIC, _c1987. |
||
| 300 |
_a279 p. ; _c22 cm. |
||
| 490 | 1 |
_aAnejos de la revista segismundo _v12 |
|
| 500 | _aIncluye referencias bibliográficas y notas al pie de las páginas | ||
| 504 | _aBibliografía : p. 261-266 | ||
| 710 | 1 |
_aConsejo Superior de Investigaciones Científicas _94786 |
|
| 830 | 0 |
_aAnejos de la revista segismundo _n12 _914926 |
|
| 942 |
_2ddc _cLF1 |
||
| 999 |
_c5032 _d5032 |
||